[Event "FIDE Open Sachove Univerzity QCC"]
[Site "Ceske Budejovice"]
[Date "2020.07.02"]
[Round "2.12"]
[White "Rychlik, Zdenek"]
[Black "Kotleska, Roman"]
[Result "1-0"]
[WhiteElo "1701"]
[BlackElo "1521"]
[Annotator "NA"]
[PlyCount "45"]
[EventDate "2020.07.01"]
[EventType "swiss"]
[EventCountry "CZE"]
[SourceTitle "playchess.com"]
[Source "ChessBase"]
[SourceQuality "1"]
[TimeControl "40/5400+30:1800+30"]

1. e4 {[%emt 0:00:04]} c5 {[%emt 0:00:00]} 2. c3 {[%emt 0:02:29]} d5 {[%emt 0:00:00]} 3. exd5 {[%emt 0:00:11]} Qxd5 {[%emt 0:00:00]} 4. d4 {[%emt 0:00:11]} Nf6 {[%emt 0:00:13]} 5. Nf3 {[%emt 0:00:09]} Bg4 {[%emt 0:00:27]} 6. Nbd2 {[%emt 0:00:11]} cxd4 {[%emt 0:01:47]} 7. Bc4 {[%emt 0:00:33]} Qh5 {[%emt 0:07:59]} 8. Qb3 {[%emt 0:00:12]} b6 {[%emt 0:02:10]} 9. cxd4 {[%emt 0:04:36]} Nc6 {[%emt 0:08:27]} 10. O-O {[%emt 0:19:59]} Bd7 {[%emt 0:01:26]} 11. Be2 {[%emt 0:06:01]} e6 {[%emt 0:02:50]} 12. Re1 {[%emt 0:01:31]} Bb4 {[%emt 0:15:41]} 13. a3 {[%emt 0:04:12]} Be7 {[%emt 0:02:29]} 14. Ne5 {[%emt 0:14:55]} Nxd4 {[%emt 0:00:20]} 15. Bxh5 {[%emt 0:00:12]} Nxb3 {[%emt 0:00:09]} 16. Bxf7+ {[%emt 0:00:08]} Kf8 {[%emt 0:02:15]} 17. Nxb3 {[%emt 0:01:05]} Bc8 {[%emt 0:00:48]} 18. Nd4 {[%emt 0:04:15]} Bd6 {[%emt 0:01:05]} 19. Bxe6 {[%emt 0:01:47]} Bxe5 {[%emt 0:01:20]} 20. Rxe5 {[%emt 0:00:09]} Bxe6 {[%emt 0:00:19]} 21. Nxe6+ {[%emt 0:01:40]} Kf7 {[%emt 0:00:14]} 22. Ng5+ {[%emt 0:00:29]} Kg6 {[%emt 0:00:13]} 23. Nf3 {[%emt 0:00:04]} 1-0

[Event "FIDE Open Sachove Univerzity QCC"]
[Site "Ceske Budejovice"]
[Date "2020.07.02"]
[Round "2.13"]
[White "Dusanek, Michal"]
[Black "Valasek, Jakub"]
[Result "1-0"]
[WhiteElo "1500"]
[BlackElo "1688"]
[Annotator "NA"]
[PlyCount "83"]
[EventDate "2020.07.01"]
[EventType "swiss"]
[EventCountry "CZE"]
[SourceTitle "playchess.com"]
[Source "ChessBase"]
[SourceQuality "1"]
[TimeControl "40/5400+30:1800+30"]

1. e4 {[%emt 0:00:00]} e5 {[%emt 0:00:00]} 2. Nf3 {[%emt 0:00:00]} Nc6 {[%emt 0:00:12]} 3. Bc4 {[%emt 0:01:16]} Nf6 {[%emt 0:00:41]} 4. d3 {[%emt 0:00:45]} Be7 {[%emt 0:00:41]} 5. Nc3 {[%emt 0:01:27]} d6 {[%emt 0:01:05]} 6. Be3 {[%emt 0:02:12]} Na5 {[%emt 0:01:15]} 7. Bb3 {[%emt 0:02:56]} Nxb3 {[%emt 0:01:00]} 8. axb3 {[%emt 0:01:46]} c5 {[%emt 0:01:24]} 9. Qd2 {[%emt 0:02:25]} O-O {[%emt 0:01:47]} 10. h3 {[%emt 0:00:21]} Ne8 {[%emt 0:03:37]} 11. g4 {[%emt 0:01:40]} g6 {[%emt 0:03:00]} 12. O-O-O {[%emt 0:04:51]} Rb8 {[%emt 0:03:07]} 13. Rdg1 {[%emt 0:01:57]} b5 {[%emt 0:01:59]} 14. h4 {[%emt 0:01:19]} b4 {[%emt 0:02:01]} 15. Na4 {[%emt 0:03:48]} Bd7 {[%emt 0:01:44]} 16. h5 {[%emt 0:01:01]} Bxa4 {[%emt 0:01:54]} 17. bxa4 {[%emt 0:00:07]} b3 {[%emt 0:01:15]} 18. Bh6 {[%emt 0:01:56]} bxc2 {[%emt 0:02:09]} 19. hxg6 {[%emt 0:04:52]} fxg6 {[%emt 0:01:07]} 20. Bxf8 {[%emt 0:00:16]} Bxf8 {[%emt 0:00:52]} 21. Ng5 {[%emt 0:03:39]} Nf6 {[%emt 0:01:40]} 22. Ne6 {[%emt 0:08:51]} Qe7 {[%emt 0:00:47]} 23. Nxf8 {[%emt 0:02:29]} Qxf8 {[%emt 0:00:18]} 24. Qxc2 {[%emt 0:02:05]} Qf7 {[%emt 0:01:26]} 25. f3 {[%emt 0:01:25]} Rb4 {[%emt 0:01:40]} 26. Kd2 {[%emt 0:03:41]} c4 {[%emt 0:01:57]} 27. Rc1 {[%emt 0:05:57]} Rb3 {[%emt 0:01:28]} 28. Qxc4 {[%emt 0:05:05]} Qxc4 {[%emt 0:00:44]} 29. Rxc4 {[%emt 0:01:17]} Rxb2+ {[%emt 0:03:16]} 30. Ke3 {[%emt 0:00:21]} Rb7 {[%emt 0:01:03]} 31. Rhc1 {[%emt 0:01:40]} Ne8 {[%emt 0:00:25]} 32. d4 {[%emt 0:01:50]} exd4+ {[%emt 0:00:22]} 33. Kxd4 {[%emt 0:00:40]} Kf7 {[%emt 0:00:47]} 34. Kd5 {[%emt 0:01:01]} Re7 {[%emt 0:00:49]} 35. f4 {[%emt 0:00:38]} Nf6+ {[%emt 0:00:53]} 36. Kxd6 {[%emt 0:02:14]} Nxe4+ {[%emt 0:00:38]} 37. Kc6 {[%emt 0:00:45]} Nf6 {[%emt 0:00:34]} 38. g5 {[%emt 0:03:58]} Ne8 {[%emt 0:00:32]} 39. Rd1 {[%emt 0:02:22]} Rc7+ {[%emt 0:01:21]} 40. Kb5 {[%emt 0:00:33]} Rb7+ {[%emt 0:00:35]} 41. Ka6 {[%emt 0:30:56]} Re7 {[%emt 0:30:11]} 42. Rcd4 {[%emt 0:02:40]} 1-0

[Event "FIDE Open Sachove Univerzity QCC"]
[Site "Ceske Budejovice"]
[Date "2020.07.02"]
[Round "2.14"]
[White "Macho, Miloslav"]
[Black "Kral, Ladislav"]
[Result "1-0"]
[WhiteElo "1671"]
[BlackElo "1493"]
[Annotator "NA"]
[PlyCount "71"]
[EventDate "2020.07.01"]
[EventType "swiss"]
[EventCountry "CZE"]
[SourceTitle "playchess.com"]
[Source "ChessBase"]
[SourceQuality "1"]
[TimeControl "40/5400+30:1800+30"]

1. g3 {[%emt 0:01:21]} Nf6 {[%emt 0:00:34]} 2. Bg2 {[%emt 0:00:06]} d5 {[%emt 0:00:55]} 3. d4 {[%emt 0:01:25]} e6 {[%emt 0:00:38]} 4. Nf3 {[%emt 0:00:17]} Bd6 {[%emt 0:03:01]} 5. O-O {[%emt 0:00:42]} O-O {[%emt 0:00:41]} 6. Nbd2 {[%emt 0:04:01]} c5 {[%emt 0:04:50]} 7. c3 {[%emt 0:02:34]} Nc6 {[%emt 0:01:27]} 8. Nb3 {[%emt 0:03:27]} c4 {[%emt 0:01:24]} 9. Nbd2 {[%emt 0:00:06]} b5 {[%emt 0:00:55]} 10. Re1 {[%emt 0:01:35]} Bb7 {[%emt 0:05:06]} 11. e4 {[%emt 0:02:50]} dxe4 {[%emt 0:01:35]} 12. Ng5 {[%emt 0:05:08]} Ne7 {[%emt 0:13:50]} 13. Ndxe4 {[%emt 0:01:32]} Nxe4 {[%emt 0:03:56]} 14. Nxe4 {[%emt 0:00:22]} Bxe4 {[%emt 0:07:39]} 15. Rxe4 {[%emt 0:03:12]} Ng6 {[%emt 0:04:12]} 16. h4 {[%emt 0:02:18]} Ne7 {[%emt 0:03:35]} 17. Bg5 {[%emt 0:08:31]} Qc7 {[%emt 0:02:32]} 18. h5 {[%emt 0:09:15]} Nd5 {[%emt 0:02:38]} 19. Qd2 {[%emt 0:05:27]} Be7 {[%emt 0:01:42]} 20. Rg4 {[%emt 0:01:30]} Rad8 {[%emt 0:09:19]} 21. Re1 {[%emt 0:12:03]} Nf6 {[%emt 0:05:18]} 22. Bxf6 {[%emt 0:04:44]} Bxf6 {[%emt 0:00:13]} 23. Qh6 {[%emt 0:00:40]} Kh8 {[%emt 0:01:46]} 24. Qe3 {[%emt 0:00:28]} Qe7 {[%emt 0:09:06]} 25. f4 {[%emt 0:04:22]} Qc7 {[%emt 0:00:52]} 26. Be4 {[%emt 0:00:49]} Bxd4 {[%emt 0:03:44]} 27. cxd4 {[%emt 0:00:22]} f5 {[%emt 0:00:38]} 28. Bxf5 {[%emt 0:00:33]} exf5 {[%emt 0:00:39]} 29. Rg5 {[%emt 0:00:22]} Qd7 {[%emt 0:01:17]} 30. h6 {[%emt 0:03:38]} g6 {[%emt 0:00:48]} 31. Rd1 {[%emt 0:05:46]} Rfe8 {[%emt 0:00:24]} 32. Qf3 {[%emt 0:01:33]} Re4 {[%emt 0:00:35]} 33. d5 {[%emt 0:00:30]} Rde8 {[%emt 0:00:34]} 34. Qc3+ {[%emt 0:00:10]} Kg8 {[%emt 0:00:30]} 35. Kh2 {[%emt 0:01:40]} Qd6 {[%emt 0:01:25]} 36. Qg7# {[%emt 0:00:09]} 1-0

[Event "FIDE Open Sachove Univerzity QCC"]
[Site "Ceske Budejovice"]
[Date "2020.07.02"]
[Round "2.15"]
[White "Josko, Jiri"]
[Black "Finek, Vaclav"]
[Result "1-0"]
[WhiteElo "1649"]
[BlackElo "2210"]
[Annotator "TA"]
[PlyCount "113"]
[EventDate "2020.07.01"]
[EventType "swiss"]
[EventCountry "CZE"]
[SourceTitle "playchess.com"]
[Source "ChessBase"]
[SourceQuality "1"]

{[%evp 10,113,0,-22,9,-50,-34,-58,-51,-111,-68,-105,-37,-55,9,-4,63,63,68,0,106,43,120,116,179,181,239,236,237,188,184,179,199,84,191,187,273,114,139,157,344,235,234,238,263,130,129,59,102,78,73,75,87,94,77,14,87,71,234,227,471,452,477,471,473,473,456,452,433,432,425,425,425,425,425,286,425,417,417,418,534,521,505,490,579,539,418,417,417,417,417,412,417,276,266,92,403,398,336,333,539,488,473,463,12143,11360]} 1. d4 Nf6 2. Bf4 g6 3. Nc3 d5 4. Nf3 Bg7 5. e3 O-O 6. Bd3 b6 {D00: 1 d4 d5: Unusual lines.} 7. Qe2 ({White has to play} 7. h4 $1 $11) 7... c5 $15 {[#] aiming for ...c4.} 8. dxc5 $146 ({Predecessor:} 8. b3 Nh5 9. Be5 f6 10. Bxb8 Rxb8 11. Nxd5 e6 12. Nc3 f5 13. Rd1 cxd4 14. exd4 Nf4 15. Qf1 Bb7 16. Ne2 Nd5 17. Ne5 b5 18. Ra1 Qa5+ 19. Kd1 Bh6 20. f4 Ne3+ {0-1 (20) Kline,L-Trammell,G (2075) Oklahoma 2006}) 8... bxc5 {Black is slightly better.} 9. Bb5 (9. Rd1 $15) 9... a6 10. Ba4 Bg4 (10... Nh5 $17 {Threatens to win with ...Bxc3+.} 11. Be5 Bxe5 12. Nxe5 Qc7) 11. h3 Bf5 (11... Bxf3 $15 12. Qxf3 e6) 12. O-O $36 {[%mdl 2048] White fights for an advantage.} Ne4 (12... Qb6 $11) 13. Nxe4 $14 Bxe4 14. c4 (14. Rad1 $14) 14... Nd7 (14... dxc4 $11 {remains equal.} 15. Qxc4 Bd3 {[%mdl 64] Double Attack} 16. Qxc5 Bxf1 17. Rxf1 Nd7) 15. cxd5 (15. Bc6 $16) 15... Nb6 (15... c4 $14) 16. Bc6 $16 Ra7 (16... c4 $16 {was called for.}) 17. Rfd1 $18 Qc8 (17... Bxf3 {keeps fighting.} 18. gxf3 Nd7) 18. Ng5 Bf5 19. e4 Bd7 20. Bxd7 Qxd7 21. d6 (21. Rab1 $18 {and White stays clearly on top.}) 21... Rc8 (21... Qb5 $16 {was worth a try.} 22. Qc2 Qxb2 23. Qxc5 exd6 24. Bxd6 Rc8) 22. e5 Qf5 (22... Qb5 {is a better defense.} 23. Qe1 exd6) 23. Qe4 (23. e6 $1 $18 {[%cal Re6f7]} fxe6 24. Nxe6) 23... Qxe4 24. Nxe4 e6 $2 (24... exd6 $16 25. Nxd6 Rc6) 25. Bg3 Nd7 26. f4 Rb7 27. Rac1 (27. Bf2 $18 {is more deadly.}) 27... Rb4 $16 28. Nxc5 (28. Re1 $16) 28... Rxc5 $14 ({Don't blunder} 28... Nxc5 $2 29. d7 $18) 29. Rxc5 Nxc5 30. d7 Nxd7 31. Rxd7 Rxb2 $16 {[%mdl 4096] Endgame KRB-KRB} 32. Rd8+ Bf8 {[#]} 33. Bh4 $1 {[%cal Rh4e7] White now steadily converts the win.} Rb7 $2 (33... f6 $16) 34. Bf6 h5 $2 (34... a5 35. a4 h6) 35. h4 $18 Rc7 36. a3 Rb7 37. Kh2 Rc7 38. g3 Rb7 39. Kh3 Rc7 40. g4 Rc3+ 41. Kg2 Rc2+ 42. Kf1 {Be7 is the strong threat.} Rc1+ (42... Rc4 $142 43. gxh5 gxh5) 43. Ke2 {Strongly threatening Be7.} Rc2+ 44. Kd1 Rc7 45. gxh5 gxh5 46. Kd2 Rb7 47. Kc2 a5 48. Kc3 Ra7 49. a4 Rb7 50. Rc8 Rb4 51. Kc2 Rxa4 {[#]} 52. Be7 $2 (52. Kd3 $1 $18 {is the precise move to win.}) 52... Rxf4 $2 {[%mdl 8192]} (52... Rc4+ $16 53. Rxc4 Bxe7) 53. Rxf8+ Kg7 54. Ra8 a4 $2 (54... f5 55. exf6+ Kf7 56. Rf8+ Kg6 57. Rg8+ Kf7 58. Rg7+ Ke8) 55. Bf6+ {White is clearly winning.} Kg6 56. Rg8+ Kh6 (56... Kh7 $142 57. Rg7+ {[%mdl 64] Double Attack} Kh6 58. Rxf7 Rf2+ 59. Kd3 Kg6 60. Rg7+ Kh6) 57. Bg5+ {Accuracy: White = 57%, Black = 37%.} 1-0

[Event "FIDE Open Sachove Univerzity QCC"]
[Site "Ceske Budejovice"]
[Date "2020.07.02"]
[Round "2.16"]
[White "Matlocha, Lubomir"]
[Black "Kamleiter, Noah"]
[Result "1-0"]
[WhiteElo "1646"]
[BlackElo "1463"]
[Annotator "NA"]
[PlyCount "51"]
[EventDate "2020.07.01"]
[EventType "swiss"]
[EventCountry "CZE"]
[SourceTitle "playchess.com"]
[Source "ChessBase"]
[SourceQuality "1"]
[TimeControl "40/5400+30:1800+30"]

1. d4 {[%emt 0:00:00]} Nf6 {[%emt 0:00:00]} 2. c4 {[%emt 0:00:09]} e6 {[%emt 0:00:23]} 3. Nc3 {[%emt 0:00:20]} Bb4 {[%emt 0:00:31]} 4. Bd2 {[%emt 0:00:23]} O-O {[%emt 0:01:19]} 5. Nf3 {[%emt 0:01:57]} b6 {[%emt 0:00:19]} 6. e3 {[%emt 0:01:07]} Bb7 {[%emt 0:01:22]} 7. Be2 {[%emt 0:01:06]} d6 {[%emt 0:00:01]} 8. O-O {[%emt 0:00:39]} Nbd7 {[%emt 0:00:10]} 9. a3 {[%emt 0:01:02]} Bxc3 {[%emt 0:03:36]} 10. Bxc3 {[%emt 0:00:18]} Ne4 {[%emt 0:00:02]} 11. Qc2 {[%emt 0:00:15]} Rc8 {[%emt 0:00:32]} 12. b4 {[%emt 0:08:04]} f5 {[%emt 0:16:30]} 13. Rad1 {[%emt 0:00:01]} Qf6 {[%emt 0:06:58]} 14. Bb2 {[%emt 0:04:52]} Qg6 {[%emt 0:03:25]} 15. Ne1 {[%emt 0:04:03]} Rf6 {[%emt 0:22:28]} 16. d5 {[%emt 0:14:44]} e5 {[%emt 0:11:47]} 17. f4 {[%emt 0:01:30]} c6 {[%emt 0:13:23]} 18. Nf3 {[%emt 0:10:56]} Qe8 {[%emt 0:03:58]} 19. fxe5 {[%emt 0:11:31]} dxe5 {[%emt 0:01:17]} 20. Qb3 {[%emt 0:02:16]} cxd5 {[%emt 0:02:32]} 21. cxd5 {[%emt 0:06:11]} Rd6 {[%emt 0:00:29]} 22. Bb5 {[%emt 0:00:43]} Nef6 {[%emt 0:01:15]} 23. Nxe5 {[%emt 0:02:27]} Bxd5 {[%emt 0:00:52]} 24. Rxd5 {[%emt 0:01:11]} Nxd5 {[%emt 0:01:22]} 25. Rd1 {[%emt 0:00:17]} Rc3 {[%emt 0:01:20]} 26. Bxc3 {[%emt 0:03:36]} 1-0

[Event "FIDE Open Sachove Univerzity QCC"]
[Site "Ceske Budejovice"]
[Date "2020.07.02"]
[Round "2.17"]
[White "Vojtek, Pavel"]
[Black "Veverka, Vladimir"]
[Result "0-1"]
[WhiteElo "1292"]
[BlackElo "1644"]
[Annotator "NA"]
[PlyCount "44"]
[EventDate "2020.07.01"]
[EventType "swiss"]
[EventCountry "CZE"]
[SourceTitle "playchess.com"]
[Source "ChessBase"]
[SourceQuality "1"]
[TimeControl "40/5400+30:1800+30"]

1. e4 {[%emt 0:00:00]} e6 {[%emt 0:00:00]} 2. d4 {[%emt 0:00:00]} d5 {[%emt 0:00:00]} 3. exd5 {[%emt 0:00:10]} exd5 {[%emt 0:00:16]} 4. Bd3 {[%emt 0:00:36]} c5 {[%emt 0:00:24]} 5. Nf3 {[%emt 0:01:00]} Nc6 {[%emt 0:01:54]} 6. c3 {[%emt 0:01:30]} Nf6 {[%emt 0:00:34]} 7. O-O {[%emt 0:01:22]} Bg4 {[%emt 0:01:14]} 8. Re1+ {[%emt 0:01:35]} Be7 {[%emt 0:00:25]} 9. dxc5 {[%emt 0:01:18]} O-O {[%emt 0:01:15]} 10. Be3 {[%emt 0:01:38]} Nd7 {[%emt 0:14:54]} 11. b4 {[%emt 0:10:47]} a5 {[%emt 0:01:06]} 12. a3 {[%emt 0:01:26]} axb4 {[%emt 0:03:15]} 13. Bb5 {[%emt 0:12:07]} Nxc5 {[%emt 0:06:41]} 14. Bxc6 {[%emt 0:05:04]} bxc6 {[%emt 0:00:19]} 15. cxb4 {[%emt 0:03:16]} Bxf3 {[%emt 0:04:28]} 16. gxf3 {[%emt 0:04:02]} Ne6 {[%emt 0:00:56]} 17. Nd2 {[%emt 0:01:10]} d4 {[%emt 0:01:00]} 18. Bxd4 {[%emt 0:10:14]} Qxd4 {[%emt 0:01:43]} 19. Qc2 {[%emt 0:04:36]} Bxb4 {[%emt 0:03:13]} 20. Nb3 {[%emt 0:16:35]} Qc3 {[%emt 0:00:46]} 21. Rec1 {[%emt 0:00:50]} Qxc2 {[%emt 0:01:15]} 22. Rxc2 {[%emt 0:00:18]} Rxa3 {[%emt 0:00:41]} 0-1

[Event "FIDE Open Sachove Univerzity QCC"]
[Site "Ceske Budejovice"]
[Date "2020.07.02"]
[Round "2.18"]
[White "Zelbova, Lada"]
[Black "Stary, Vojtech"]
[Result "1-0"]
[WhiteElo "1637"]
[BlackElo "1422"]
[Annotator "NA RC"]
[PlyCount "109"]
[EventDate "2020.07.01"]
[EventType "swiss"]
[EventCountry "CZE"]
[SourceTitle "playchess.com"]
[Source "ChessBase"]
[SourceQuality "1"]
[TimeControl "40/5400+30:1800+30"]

1. d4 {[%emt 0:00:00]} d5 {[%emt 0:00:00]} 2. Bf4 {[%emt 0:00:00]} Nf6 {[%emt 0:00:00]} 3. e3 {[%emt 0:00:00]} e6 {[%emt 0:00:00]} 4. Nf3 {[%emt 0:00:09]} Bd6 {[%emt 0:00:12]} 5. Nbd2 {[%emt 0:00:14]} Bxf4 {[%emt 0:00:52]} 6. exf4 {[%emt 0:00:05]} O-O {[%emt 0:01:03]} 7. Bd3 {[%emt 0:01:02]} Nbd7 {[%emt 0:01:47]} 8. O-O {[%emt 0:01:26]} b6 {[%emt 0:01:19]} 9. Ne5 {[%emt 0:05:14]} Bb7 {[%emt 0:03:11]} 10. Qe2 {[%emt 0:09:49]} c5 {[%emt 0:02:35]} 11. c3 {[%emt 0:00:16]} Qc7 {[%emt 0:04:19]} 12. Rae1 {[%emt 0:01:05]} Rac8 {[%emt 0:02:49]} 13. g4 {[%emt 0:02:42]} cxd4 {[%emt 0:08:08]} 14. cxd4 {[%emt 0:00:09]} Qd6 {[%emt 0:02:07]} 15. a3 {[%emt 0:11:20]} Rc7 {[%emt 0:02:50]} 16. g5 {[%emt 0:15:31]} Ne8 {[%emt 0:04:14]} 17. Qh5 {[%emt 0:01:11]} g6 {[%emt 0:00:59]} 18. Qh6 {[%emt 0:00:33]} Ng7 {[%emt 0:02:39]} 19. Re3 {[%emt 0:02:42]} Rfc8 {[%emt 0:02:56]} 20. Rh3 {[%emt 0:06:40]} Nf8 {[%emt 0:02:22]} 21. Ng4 {[%emt 0:00:59]} f5 {[%emt 0:05:23]} 22. gxf6 {[%emt 0:08:26]} Nf5 {[%emt 0:01:32]} 23. f7+ {[%emt 0:03:37]} Rxf7 {[%emt 0:02:00]} 24. Qg5 {[%emt 0:03:28]} Kh8 {[%emt 0:02:47]} 25. Nf3 {[%emt 0:05:22]} Qe7 {[%emt 0:03:08]} 26. Nge5 {[%emt 0:03:25]} Rg7 {[%emt 0:01:10]} 27. Qg2 {[%emt 0:04:01]} Nd7 {[%emt 0:02:16]} 28. Kh1 {[%emt 0:04:01]} Nf8 {[%emt 0:01:57]} 29. Rg1 {[%emt 0:01:19]} Kg8 {[%emt 0:01:18]} 30. Qf1 {[%emt 0:03:35]} Nd7 {[%emt 0:02:40]} 31. Nxd7 {[%emt 0:01:41]} Qxd7 {[%emt 0:00:20]} 32. Qe1 {[%emt 0:00:38]} Qd6 {[%emt 0:03:13]} 33. Qe5 {[%emt 0:00:34]} Qxe5 {[%emt 0:00:33]} 34. fxe5 {[%emt 0:00:16]} Rcc7 {[%emt 0:03:35]} 35. Rd1 {[%emt 0:01:19]} Rc8 {[%emt 0:00:47]} 36. Kg1 {[%emt 0:00:36]} Rgc7 {[%emt 0:00:23]} 37. Kf1 {[%emt 0:00:10]} Re7 {[%emt 0:07:42]} 38. Ke2 {[%emt 0:01:17]} Kg7 {[%emt 0:01:38]} 39. Kd2 {[%emt 0:01:07]} h6 {[%emt 0:00:20]} 40. Bxf5 {[%emt 0:02:27]} gxf5 {[%emt 0:00:21]} 41. Rg1+ {[%emt 0:31:08]} Kf8 {[%emt 0:33:14]} 42. Rxh6 {[%emt 0:00:00]} Rec7 {[%emt 0:00:00]} 43. Rf6+ {[%emt 0:00:00]} Ke7 {[%emt 0:00:00]} 44. Rg7+ {[%emt 0:00:00]} Ke8 {[%emt 0:00:00]} 45. Rxe6+ {[%emt 0:00:00]} Kf8 {[%emt 0:00:00]} 46. Rxc7 {[%emt 0:00:00]} Rxc7 {[%emt 0:00:00]} 47. Ng5 {[%emt 0:00:00]} Rg7 {[%emt 0:00:00]} 48. f4 {[%emt 0:00:00]} Rc7 {[%emt 0:00:00]} 49. b3 {[%emt 0:00:00]} b5 {[%emt 0:00:00]} 50. h4 {[%emt 0:00:00]} a5 {[%emt 0:00:00]} 51. Rb6 {[%emt 0:00:00]} Bc8 {[%emt 0:00:00]} 52. Rxb5 {[%emt 0:00:00]} Rc6 {[%emt 0:00:00]} 53. Rxa5 {[%emt 0:00:00]} Rh6 {[%emt 0:00:00]} 54. Ra8 {[%emt 0:00:00]} Rc6 {[%emt 0:00:00]} 55. h5 {[%emt 0:00:00]} 1-0

[Event "FIDE Open Sachove Univerzity QCC"]
[Site "Ceske Budejovice"]
[Date "2020.07.02"]
[Round "2.19"]
[White "Jodas, Daniel"]
[Black "Dobsinsky, Petr"]
[Result "1/2-1/2"]
[WhiteElo "1608"]
[BlackElo "1248"]
[Annotator "NA"]
[PlyCount "64"]
[EventDate "2020.07.01"]
[EventType "swiss"]
[EventCountry "CZE"]
[SourceTitle "playchess.com"]
[Source "ChessBase"]
[SourceQuality "1"]
[TimeControl "40/5400+30:1800+30"]

1. e4 {[%emt 0:00:00]} c6 {[%emt 0:00:00]} 2. d4 {[%emt 0:00:14]} d5 {[%emt 0:00:01]} 3. e5 {[%emt 0:01:23]} Bf5 {[%emt 0:00:27]} 4. Nf3 {[%emt 0:01:13]} e6 {[%emt 0:00:31]} 5. Bd3 {[%emt 0:01:14]} Bxd3 {[%emt 0:00:34]} 6. Qxd3 {[%emt 0:00:03]} Nd7 {[%emt 0:00:19]} 7. O-O {[%emt 0:02:47]} h6 {[%emt 0:02:05]} 8. Nbd2 {[%emt 0:01:46]} Ne7 {[%emt 0:00:51]} 9. c4 {[%emt 0:04:29]} c5 {[%emt 0:00:38]} 10. cxd5 {[%emt 0:07:51]} Nxd5 {[%emt 0:00:57]} 11. Ne4 {[%emt 0:05:49]} Qc7 {[%emt 0:04:32]} 12. dxc5 {[%emt 0:06:57]} Nxc5 {[%emt 0:01:17]} 13. Nxc5 {[%emt 0:02:04]} Bxc5 {[%emt 0:02:32]} 14. Qb5+ {[%emt 0:00:52]} Ke7 {[%emt 0:03:05]} 15. Bd2 {[%emt 0:00:53]} Qb6 {[%emt 0:01:33]} 16. Qa4 {[%emt 0:02:50]} Bb4 {[%emt 0:02:30]} 17. Rac1 {[%emt 0:28:57]} Bxd2 {[%emt 0:03:30]} 18. Nxd2 {[%emt 0:00:13]} Rhc8 {[%emt 0:00:11]} 19. Qh4+ {[%emt 0:15:47]} Kf8 {[%emt 0:01:01]} 20. Nb3 {[%emt 0:03:38]} Qd8 {[%emt 0:01:08]} 21. Qe4 {[%emt 0:01:36]} Kg8 {[%emt 0:04:06]} 22. f4 {[%emt 0:02:49]} Rxc1 {[%emt 0:02:08]} 23. Rxc1 {[%emt 0:00:31]} Rc8 {[%emt 0:01:05]} 24. Rxc8 {[%emt 0:00:42]} Qxc8 {[%emt 0:00:05]} 25. f5 {[%emt 0:00:41]} b6 {[%emt 0:05:26]} 26. Kf2 {[%emt 0:02:43]} Ne7 {[%emt 0:01:49]} 27. fxe6 {[%emt 0:02:36]} Qxe6 {[%emt 0:00:29]} 28. Qa8+ {[%emt 0:00:23]} Kh7 {[%emt 0:00:10]} 29. Qxa7 {[%emt 0:00:09]} Qf5+ {[%emt 0:01:08]} 30. Ke2 {[%emt 0:02:21]} Qxe5+ {[%emt 0:00:37]} 31. Kd3 {[%emt 0:00:02]} Qb5+ {[%emt 0:00:44]} 32. Kc2 {[%emt 0:00:30]} Qf5+ {[%emt 0:00:43]} 1/2-1/2

[Event "FIDE Open Sachove Univerzity QCC"]
[Site "Ceske Budejovice"]
[Date "2020.07.02"]
[Round "2.20"]
[White "Krautschneider, Daniel Jan"]
[Black "Svetly, Jiri"]
[Result "0-1"]
[WhiteElo "1374"]
[BlackElo "1835"]
[Annotator "NA"]
[PlyCount "78"]
[EventDate "2020.07.01"]
[EventType "swiss"]
[EventCountry "CZE"]
[SourceTitle "playchess.com"]
[Source "ChessBase"]
[SourceQuality "1"]
[TimeControl "40/5400+30:1800+30"]

1. e4 {[%emt 0:00:00]} d6 {[%emt 0:00:22]} 2. d4 {[%emt 0:00:00]} Nf6 {[%emt 0:00:08]} 3. Nc3 {[%emt 0:00:14]} g6 {[%emt 0:00:08]} 4. g3 {[%emt 0:00:25]} Bg7 {[%emt 0:00:57]} 5. Bg2 {[%emt 0:00:09]} O-O {[%emt 0:00:36]} 6. Nge2 {[%emt 0:00:08]} c5 {[%emt 0:02:38]} 7. O-O {[%emt 0:00:12]} cxd4 {[%emt 0:01:16]} 8. Nxd4 {[%emt 0:00:10]} Nc6 {[%emt 0:00:20]} 9. Nxc6 {[%emt 0:00:41]} bxc6 {[%emt 0:00:20]} 10. h3 {[%emt 0:00:29] [#] B70: Sicilian Dragon: 6 g3 and 6 Be2 (without a later Be3).} Qb6 $146 {[%emt 0:04:54]} ({Predecessor:} 10... Bb7 11. Kh2 c5 12. f4 Qc7 13. Qe2 e6 14. Bd2 d5 15. e5 Nd7 16. Nb5 Qb6 17. c4 Bc6 {0-1 (46) Jakubowska,A (2073)-Gaponenko,I (2396) chess.com INT 2020}) 11. Kh2 {[%emt 0:02:24]} Ba6 {[%emt 0:02:27]} 12. Re1 {[%emt 0:00:12]} Nh5 {[%emt 0:04:10]} 13. Qf3 {[%emt 0:20:26]} Rad8 {[%emt 0:06:41]} 14. Kh1 {[%emt 0:03:04]} Bb7 {[%emt 0:04:33]} 15. g4 {[%emt 0:00:24]} Nf6 {[%emt 0:00:41]} 16. b3 {[%emt 0:10:00]} Nd7 {[%emt 0:02:15]} 17. Bd2 {[%emt 0:03:31]} e6 {[%emt 0:03:28]} 18. Rad1 {[%emt 0:01:44]} d5 {[%emt 0:03:53]} 19. Qg3 {[%emt 0:02:31]} Nc5 {[%emt 0:17:55]} 20. e5 {[%emt 0:01:28]} d4 {[%emt 0:02:17]} 21. Ne4 {[%emt 0:00:31]} Nxe4 {[%emt 0:00:31]} 22. Bxe4 {[%emt 0:03:51]} c5 {[%emt 0:00:30]} 23. Qg2 {[%emt 0:00:30]} Ba6 {[%emt 0:01:59]} 24. f4 {[%emt 0:01:05]} f6 {[%emt 0:02:04]} 25. f5 {[%emt 0:02:46]} g5 {[%emt 0:14:26]} 26. exf6 $16 {[%emt 0:01:24]} Bxf6 {[%emt 0:00:31]} 27. fxe6 {[%emt 0:00:13]} Kg7 {[%emt 0:01:30]} 28. Kg1 {[%emt 0:02:24]} c4 {[%emt 0:06:02]} 29. Kh1 {[%emt 0:07:42]} Rfe8 {[%emt 0:03:29]} 30. Bc6 {[%emt 0:06:15]} Re7 {[%emt 0:01:18]} 31. h4 {[%emt 0:11:20]} h6 {[%emt 0:00:42]} 32. h5 {[%emt 0:01:48]} Rd6 {[%emt 0:00:38]} 33. Bf3 {[%emt 0:01:08]} c3 {[%emt 0:02:23]} 34. Bc1 {[%emt 0:00:15]} Rdxe6 {[%emt 0:00:26]} 35. Rxe6 {[%emt 0:01:21]} Qxe6 {[%emt 0:01:21]} 36. Ba3 {[%emt 0:01:15]} Qe1+ {[%emt 0:02:18]} 37. Rxe1 {[%emt 0:00:43]} Rxe1+ {[%emt 0:00:15]} 38. Kh2 {[%emt 0:00:08]} Be5+ {[%emt 0:00:16]} 39. Kh3 {[%emt 0:01:25]} Bf1 {[%emt 0:00:17]} 0-1